[Event "Stuttgart-chB int"]
[Site "Ditzingen"]
[Date "2018.05.11"]
[Round "4"]
[White "Butenandt, Svenja"]
[Black "Jantos, Stefan"]
[Result "0-1"]
[WhiteElo "1709"]
[BlackElo "1831"]
[PlyCount "102"]
[EventDate "2018.05.10"]
[EventType "swiss"]
[EventRounds "7"]
[EventCountry "GER"]
[SourceTitle "EXT 2020"]
[Source "ChessBase"]
[SourceDate "2019.10.17"]
[SourceVersion "1"]
[SourceVersionDate "2019.10.17"]
[SourceQuality "1"]

1. d4 c5 2. d5 e5 3. c4 d6 4. e4 f5 5. exf5 Bxf5 6. Bd3 Qd7 7. Bc2 Bxc2 8. Qxc2 Nf6 9. Nc3 Qg4 10. Qa4+ Nbd7 11. g3 Be7 12. Be3 0-0 13. h3 Qh5 14. Qd1 Qg6 15. Nf3 Ne4 16. Nd2 Nxc3 17. bxc3 Nb6 18. Qb1 Qf7 19. 0-0 Bf6 20. a4 Qd7 21. a5 Nc8 22. Kh2 Ne7 23. Ne4 Rab8 24. Rd1 b5 25. cxb5 Rxb5 26. Qd3 Rfb8 27. Qc4 Kf8 28. Qa4 Qc7 29. Nxf6 gxf6 30. Qh4 Ng8 31. Bh6+ Nxh6 32. Qxh6+ Qg7 33. Qxg7+ Kxg7 34. Ra4 f5 35. Kg2 a6 36. Kf1 Rb2 37. Ra3 Rc2 38. Rd3 Rb1+ 39. Kg2 e4 40. Re3 Rbb2 41. Kg1 Rxf2 42. c4 Rfc2 43. Ra1 Rxc4 44. Rf1 Kg6 45. g4 fxg4 46. Rg3 h5 47. hxg4 h4 48. Ra3 Kg5 49. Raa1 Rd4 50. Rf5+ Kxg4 51. Raf1 e3 0-1

[Event "Stuttgart-chB int"]
[Site "Ditzingen"]
[Date "2016.05.06"]
[Round "4"]
[White "Ziegler, Michael1"]
[Black "Jantos, Stefan"]
[Result "0-1"]
[WhiteElo "1648"]
[BlackElo "1831"]
[PlyCount "60"]
[EventDate "2016.05.05"]
[EventType "swiss"]
[EventRounds "7"]
[EventCountry "GER"]
[SourceTitle "EXT 2018"]
[Source "ChessBase"]
[SourceDate "2017.10.13"]
[SourceVersion "1"]
[SourceVersionDate "2017.10.13"]
[SourceQuality "1"]

1. e4 d5 2. exd5 Nf6 3. Nc3 Nxd5 4. Nxd5 Qxd5 5. Qf3 c6 6. c4 Qa5 7. Bd3 Nd7 8. Ne2 Ne5 9. Qg3 Nxd3+ 10. Qxd3 Bf5 11. Qc3 Qxc3 12. Nxc3 0-0-0 13. b3 Bd3 14. Bb2 e5 15. 0-0-0 Bc5 16. Rde1 f6 17. Nd1 Rd7 18. a3 Rhd8 19. b4 Bd4 20. Bxd4 Rxd4 21. Nb2 Bxc4 22. Nxc4 Rxc4+ 23. Kd1 Rd3 24. Re3 Rcd4 25. Rxd3 Rxd3 26. Ke2 Rxa3 27. Rb1 Kc7 28. b5 c5 29. Rb2 b6 30. d3 Ra5 0-1

[Event "Stuttgart-chB op"]
[Site "Ditzingen"]
[Date "2015.05.16"]
[Round "5"]
[White "Toelg, Wolfgang"]
[Black "Jantos, Stefan"]
[Result "0-1"]
[WhiteElo "1720"]
[BlackElo "1825"]
[PlyCount "96"]
[EventDate "2015.05.17"]
[EventType "swiss"]
[EventRounds "7"]
[EventCountry "GER"]
[SourceTitle "EXT 2018"]
[Source "ChessBase"]
[SourceDate "2017.10.13"]
[SourceVersion "1"]
[SourceVersionDate "2017.10.13"]
[SourceQuality "1"]

1. e4 d5 2. exd5 Nf6 3. c4 c6 4. dxc6 Nxc6 5. Nf3 e5 6. d3 Bf5 7. Be2 Qd7 8. 0-0 0-0-0 9. Nc3 Bxd3 10. Bxd3 Qxd3 11. Qa4 Bc5 12. Bg5 Qf5 13. Be3 Bxe3 14. fxe3 Qh5 15. h3 Rd3 16. e4 Rhd8 17. Rae1 R3d7 18. Nd5 Kb8 19. b4 Nd4 20. Nxd4 exd4 21. Nxf6 gxf6 22. Rxf6 d3 23. Rf5 d2 24. Rd1 Qh4 25. Rd5 Rxd5 26. cxd5 Qxe4 27. Qb3 Rxd5 28. Qg3+ Kc8 29. Qg8+ Kd7 30. Qg4+ Qxg4 31. hxg4 Kc7 32. Kf2 Kc6 33. Ke3 Kb5 34. a3 Ka4 35. Rxd2 Rxd2 36. Kxd2 Kxa3 37. Kc3 b5 38. g5 Ka4 39. g3 a5 40. bxa5 Kxa5 41. Kb3 Kb6 42. Kb4 Kc6 43. g4 Kd5 44. Kxb5 Ke5 45. Kc6 Kf4 46. Kd6 Kxg5 47. Ke7 Kxg4 48. Kxf7 h5 0-1

[Event "Stuttgart-chB op"]
[Site "Ditzingen"]
[Date "2015.05.15"]
[Round "3"]
[White "Schroeck, Holger"]
[Black "Jantos, Stefan"]
[Result "1/2-1/2"]
[WhiteElo "1499"]
[BlackElo "1825"]
[PlyCount "37"]
[EventDate "2015.05.17"]
[EventType "swiss"]
[EventRounds "7"]
[EventCountry "GER"]
[SourceTitle "EXT 2018"]
[Source "ChessBase"]
[SourceDate "2017.10.13"]
[SourceVersion "1"]
[SourceVersionDate "2017.10.13"]
[SourceQuality "1"]

1. d4 Nf6 2. g3 d5 3. Bg2 e6 4. Bg5 Be7 5. Nf3 Nbd7 6. 0-0 0-0 7. Qd3 c5 8. c3 c4 9. Qc2 b5 10. Nbd2 Bb7 11. Rfe1 h6 12. Bf4 Nh5 13. e4 Nxf4 14. gxf4 dxe4 15. Nxe4 Nf6 16. Nxf6+ Bxf6 17. f5 exf5 18. Qxf5 Qb6 19. Ne5 1/2-1/2

[Event "Stuttgart-chB int"]
[Site "Ditzingen"]
[Date "2014.05.31"]
[Round "7"]
[White "Jantos, Stefan"]
[Black "Shahisavandi, Abdollah"]
[Result "1-0"]
[WhiteElo "1840"]
[BlackElo "1849"]
[PlyCount "51"]
[EventDate "2014.05.29"]
[EventType "swiss"]
[EventRounds "7"]
[EventCountry "GER"]
[SourceTitle "EXT 2015"]
[Source "ChessBase"]
[SourceDate "2014.11.20"]
[SourceVersion "1"]
[SourceVersionDate "2014.11.20"]
[SourceQuality "1"]

1. e4 c5 2. Nc3 Nc6 3. f4 e5 4. Nf3 d6 5. Bc4 Be7 6. 0-0 Nf6 7. d3 0-0 8. f5 Na5 9. Bd5 Bd7 10. h3 Rc8 11. g4 h6 12. Kh2 b5 13. Rg1 Nxd5 14. Nxd5 f6 15. Nh4 Nc6 16. Ng6 Rf7 17. h4 Bf8 18. g5 Kh7 19. Qh5 Qe8 20. gxh6 gxh6 21. Nxf8+ Qxf8 22. Rg6 Kh8 23. Rxh6+ Qxh6 24. Qxh6+ Rh7 25. Qxf6+ Kg8 26. Bh6 1-0

[Event "Stuttgart-chB int"]
[Site "Ditzingen"]
[Date "2014.05.30"]
[Round "5"]
[White "Kozina, Vinko"]
[Black "Jantos, Stefan"]
[Result "0-1"]
[WhiteElo "1842"]
[BlackElo "1840"]
[PlyCount "125"]
[EventDate "2014.05.29"]
[EventType "swiss"]
[EventRounds "7"]
[EventCountry "GER"]
[SourceTitle "EXT 2015"]
[Source "ChessBase"]
[SourceDate "2014.11.20"]
[SourceVersion "1"]
[SourceVersionDate "2014.11.20"]
[SourceQuality "1"]

1. e4 d5 2. exd5 Nf6 3. Nc3 Nxd5 4. Bc4 Nb6 5. Bb3 Nc6 6. Nf3 e6 7. d4 Be7 8. Ne4 Na5 9. 0-0 Nxb3 10. axb3 Bd7 11. Ne5 0-0 12. f4 Be8 13. c4 Nd7 14. Be3 Nf6 15. Nxf6+ Bxf6 16. Rf3 Qd6 17. Rh3 g6 18. g4 Bg7 19. g5 f6 20. gxf6 Rxf6 21. Qg4 Rf5 22. Rd1 c6 23. Qg3 Rd8 24. Re1 b6 25. Qh4 Rh5 26. Qg3 Rf5 27. Qh4 Rh5 28. Qg3 Rxh3 29. Qxh3 c5 30. dxc5 bxc5 31. Bf2 Rb8 32. Qe3 Bh6 33. Bg3 Bg7 34. Bf2 Bh6 35. Bg3 Qd4 36. Ng4 Bg7 37. Ne5 Rxb3 38. Qxd4 cxd4 39. Re2 d3 40. Rd2 Bxe5 41. fxe5 Bc6 42. Bf2 a5 43. Bd4 a4 44. Bc5 Be4 45. Kf2 Kf7 46. Ke3 Bf5 47. Ba3 g5 48. Rd1 Rb7 49. c5 Rc7 50. Rc1 Rc6 51. Rc4 h5 52. Rxa4 g4 53. b4 h4 54. b5 Rc8 55. Bb4 g3 56. hxg3 h3 57. Ra2 Rd8 58. Rf2 Ke8 59. c6 d2 60. Bxd2 Rd3+ 61. Ke2 Kd8 62. b6 Kc8 63. Bb4 0-1

[Event "Stuttgart-chB int"]
[Site "Ditzingen"]
[Date "2014.05.29"]
[Round "1"]
[White "Mayer, Markus"]
[Black "Jantos, Stefan"]
[Result "0-1"]
[WhiteElo "1631"]
[BlackElo "1840"]
[PlyCount "86"]
[EventDate "2014.05.29"]
[EventType "swiss"]
[EventRounds "7"]
[EventCountry "GER"]
[SourceTitle "EXT 2015"]
[Source "ChessBase"]
[SourceDate "2014.11.20"]
[SourceVersion "1"]
[SourceVersionDate "2014.11.20"]
[SourceQuality "1"]

1. d4 Nf6 2. c4 c5 3. e3 cxd4 4. exd4 d5 5. Nc3 e6 6. Nf3 Nc6 7. Bg5 Be7 8. Be2 dxc4 9. Bxc4 0-0 10. 0-0 b6 11. Re1 Na5 12. Bb5 a6 13. Ba4 Bb7 14. Ne5 b5 15. Bc2 Nd5 16. Qh5 g6 17. Nxg6 Bxg5 18. Nxf8 Kxf8 19. Ne4 h6 20. h4 Nf6 21. Nxf6 Bxf6 22. Qxh6+ Bg7 23. Qf4 Qxd4 24. Qc7 Qd8 25. Qf4 Rc8 26. Rad1 Qc7 27. Qb4+ Kg8 28. Rc1 Nc6 29. Qc5 Qe7 30. Qh5 Nd4 31. Bh7+ Kf8 32. Rcd1 Qc5 33. Qg4 Qb6 34. h5 Rc4 35. Qg3 Qc7 36. Qd3 Nc2 37. Qe2 Nxe1 38. Qxe1 Qc6 39. f3 Qc5+ 40. Kh1 Qxh5+ 41. Kg1 Qxh7 42. b3 Bd4+ 43. Kf1 Qh1+ 0-1

[Event "Stuttgart-chB int"]
[Site "Ditzingen"]
[Date "2009.05.24"]
[Round "7"]
[White "Gheng, Hannelore"]
[Black "Jantos, Stefan"]
[Result "0-1"]
[WhiteElo "1649"]
[BlackElo "1840"]
[PlyCount "34"]
[EventDate "2009.05.21"]
[EventType "swiss"]
[EventRounds "7"]
[EventCountry "GER"]
[SourceTitle "EXT 2018"]
[Source "ChessBase"]
[SourceDate "2017.10.13"]
[SourceVersion "1"]
[SourceVersionDate "2017.10.13"]
[SourceQuality "1"]

1. e4 d5 2. exd5 Nf6 3. d4 Nxd5 4. c4 Nf6 5. Nf3 c5 6. Bf4 e6 7. Bxb8 Qa5+ 8. Nc3 Rxb8 9. a3 Ng4 10. Qa4+ Qxa4 11. Nxa4 cxd4 12. Nxd4 Bd7 13. Bd3 Nxf2 14. Kxf2 Bxa4 15. b4 Rd8 16. Ke3 g6 17. Rac1 Bh6+ 0-1

[Event "Stuttgart-chB int"]
[Site "Ditzingen"]
[Date "2009.05.23"]
[Round "5"]
[White "Jantos, Stefan"]
[Black "Haefele, Torsten"]
[Result "1/2-1/2"]
[WhiteElo "1840"]
[BlackElo "1586"]
[PlyCount "41"]
[EventDate "2009.05.21"]
[EventType "swiss"]
[EventRounds "7"]
[EventCountry "GER"]
[SourceTitle "EXT 2018"]
[Source "ChessBase"]
[SourceDate "2017.10.13"]
[SourceVersion "1"]
[SourceVersionDate "2017.10.13"]
[SourceQuality "1"]

1. e4 c5 2. Nf3 d6 3. d4 cxd4 4. c3 Nf6 5. Qxd4 Nc6 6. Bb5 Bd7 7. Qd3 a6 8. Ba4 b5 9. Bc2 e5 10. Bg5 Be6 11. Nbd2 Be7 12. Bb3 0-0 13. 0-0 Na5 14. Bxf6 Bxf6 15. Bxe6 fxe6 16. c4 Nxc4 17. Nxc4 bxc4 18. Qxc4 d5 19. Qc6 Re8 20. Rfd1 d4 21. Rac1 1/2-1/2

[Event "Stuttgart-chB int"]
[Site "Ditzingen"]
[Date "2009.05.22"]
[Round "4"]
[White "Werner, Stefan1"]
[Black "Jantos, Stefan"]
[Result "1/2-1/2"]
[WhiteElo "1695"]
[BlackElo "1840"]
[PlyCount "153"]
[EventDate "2009.05.21"]
[EventType "swiss"]
[EventRounds "7"]
[EventCountry "GER"]
[SourceTitle "EXT 2018"]
[Source "ChessBase"]
[SourceDate "2017.10.13"]
[SourceVersion "1"]
[SourceVersionDate "2017.10.13"]
[SourceQuality "1"]

1. e4 d5 2. exd5 Nf6 3. c4 c6 4. dxc6 Nxc6 5. Nf3 e5 6. d3 Bc5 7. Be3 Bxe3 8. fxe3 Qb6 9. Qd2 Bf5 10. e4 Bg4 11. Nc3 Bxf3 12. gxf3 Nd4 13. Bg2 0-0-0 14. 0-0-0 Nh5 15. Ne2 Nxe2+ 16. Qxe2 Nf4 17. Qc2 Qe3+ 18. Kb1 Nxd3 19. Qc3 Qd4 20. Kc2 Qxc3+ 21. Kxc3 Nf4 22. Rxd8+ Rxd8 23. Bf1 Kc7 24. Kc2 Kc6 25. h4 Rd6 26. Bh3 g6 27. Bf1 Kc5 28. Rh2 Ne6 29. Rf2 h6 30. b3 g5 31. h5 Nd4+ 32. Kc3 Rf6 33. b4+ Kc6 34. Bh3 Rxf3+ 35. Rxf3 Nxf3 36. Bf5 Nd4 37. Bg4 b6 38. Kd3 a5 39. a3 axb4 40. axb4 Kd6 41. Kc3 Nc6 42. Be2 Ne7 43. Bg4 Ng8 44. Kd3 Nf6 45. Be2 g4 46. Ke3 Kc6 47. Bd1 Nxh5 48. Bxg4 Nf4 49. Bd1 Kd6 50. Bc2 Ne6 51. Bd1 Nd4 52. Kd3 Ke6 53. c5 bxc5 54. bxc5 f5 55. exf5+ Kxf5 56. Ba4 Ke6 57. Ke4 h5 58. Bd1 h4 59. Bg4+ Kf6 60. Kd5 Kg5 61. Kxe5 Nc6+ 62. Kd6 Kxg4 63. Kxc6 h3 64. Kd7 h2 65. c6 h1Q 66. c7 Qd5+ 67. Ke7 Qc6 68. Kd8 Qd6+ 69. Kc8 Kf5 70. Kb7 Qd7 71. Kb8 Qb5+ 72. Ka8 Qc6+ 73. Kb8 Qb6+ 74. Ka8 Qc6+ 75. Kb8 Qd6 76. Kb7 Qd7 77. Kb8 1/2-1/2

[Event "Stuttgart-chA int"]
[Site "Gerlingen"]
[Date "2007.05.17"]
[Round "2"]
[White "Bogenschuetze, Paul Jr"]
[Black "Jantos, Stefan"]
[Result "1/2-1/2"]
[WhiteElo "2039"]
[BlackElo "1864"]
[PlyCount "75"]
[EventDate "2007.05.17"]
[EventType "swiss"]
[EventRounds "7"]
[EventCountry "GER"]
[SourceTitle "EXT 2018"]
[Source "ChessBase"]
[SourceDate "2017.10.13"]
[SourceVersion "1"]
[SourceVersionDate "2017.10.13"]
[SourceQuality "1"]

1. e4 d5 2. exd5 Nf6 3. d4 Nxd5 4. Nf3 g6 5. Bd3 Bg7 6. c3 0-0 7. 0-0 b6 8. Be4 c6 9. Nbd2 Bb7 10. Nc4 Nd7 11. Ne3 N7f6 12. Bc2 Qc7 13. Re1 Rad8 14. Nxd5 Nxd5 15. Qe2 Rfe8 16. Be3 e5 17. dxe5 Bxe5 18. Qf1 Nxe3 19. Rxe3 Bf4 20. Rxe8+ Rxe8 21. Re1 Rxe1 22. Qxe1 c5 23. Be4 Ba6 24. g3 Bh6 25. Bd5 Qd7 26. c4 Kf8 27. Qe5 Bg7 28. Qb8+ Bc8 29. b3 h6 30. Kg2 Qh3+ 31. Kg1 Qd7 32. Nd2 Bd4 33. Ne4 Ke7 34. Qf4 f5 35. Nd2 g5 36. Qf3 Qd6 37. Qe2+ Qe5 38. Kf1 1/2-1/2